Los grandes geómetras (Record no. 66211)

MARC details
000 -LEADER
campo de control de longitud fija 00592nam a2200181 i 4500
001 - NÚMERO DE CONTROL
campo de control 66211
003 - IDENTIFICADOR DE NÚMERO DE CONTROL
campo de control ES-MaACL
005 - FECHA Y HORA DE LA ÚLTIMA TRANSACCIÓN
campo de control 20250907063046.0
007 - CAMPO FIJO DE DESCRIPCIÓN FÍSICA--INFORMACIÓN GENERAL
campo de control de longitud fija t|
008 - DATOS DE LONGITUD FIJA--INFORMACIÓN GENERAL
campo de control de longitud fija 040129s1923 sp |||| | spa d
100 1# - ENTRADA PRINCIPAL--NOMBRE DE PERSONA
Nombre de persona Galán y Ruiz, Gabriel,
Fechas asociadas al nombre 1869-1938
9 (RLIN) 170555
245 14 - MENCIÓN DEL TÍTULO
Título Los grandes geómetras
Resto del título : discurso leído en la apertura del curso de 1923-24 (Universidad de Oviedo) /
Mención de responsabilidad, etc. Gabriel Galán.
260 ## - PUBLICACIÓN, DISTRIBUCIÓN, ETC.
Lugar de publicación, distribución, etc. Oviedo :
Nombre del editor, distribuidor, etc. Flórez,
Fecha de publicación, distribución, etc. 1923.
300 ## - DESCRIPCIÓN FÍSICA
Extensión 83 p. ;
Dimensiones 30 cm.
650 04 - PUNTO DE ACCESO ADICIONAL DE MATERIA--TÉRMINO DE MATERIA
Término de materia o nombre geográfico como elemento de entrada Matemáticos-
Subdivisión general Biografías
9 (RLIN) 14840
852 ## - LOCALIZACIÓN
Ubicación ES-MaACL
Número de control de estantería 1654-F-14
Holdings
Estatus retirado Estado de pérdida Estado de daño No para préstamo Colección Biblioteca de origen Biblioteca actual Ubicación en estantería Fecha de adquisición Fuente de adquisición Total de préstamos Signatura topográfica completa Código de barras Visto por última vez Precio de reemplazo Tipo de ítem Koha
        Colección de folletos Biblioteca del Ateneo de Madrid Biblioteca del Ateneo de Madrid Depósito folletos 17/01/2008     1654-F-14 1069369 23/02/2023 23/02/2023 Folleto